FAO economic and social development paper N.90 The impact of stabilization and structural adjustment policies on the rural sector
Sparad:
| Huvudupphovsman: | |
|---|---|
| Materialtyp: | Bok |
| Språk: | Undetermined |
| Publicerad: |
Rome
FAO
1991
|
| Ämnen: | |
| Taggar: |
Lägg till en tagg
Inga taggar, Lägg till första taggen!
|
| Thư viện lưu trữ: | Trung tâm Học liệu Trường Đại học Cần Thơ |
|---|
| LEADER | 00623nam a2200193Ia 4500 | ||
|---|---|---|---|
| 001 | CTU_3619 | ||
| 008 | 210402s9999 xx 000 0 und d | ||
| 082 | |a 330 | ||
| 082 | |b F218/N.90 | ||
| 100 | |a E Maria Claassen | ||
| 245 | 0 | |a FAO economic and social development paper N.90 | |
| 245 | 4 | |b The impact of stabilization and structural adjustment policies on the rural sector | |
| 245 | 0 | |c E Maria Claassen, FAO | |
| 260 | |a Rome | ||
| 260 | |b FAO | ||
| 260 | |c 1991 | ||
| 650 | |a agriculture and state,economics | ||
| 904 | |i Nguyễn Quang Điền, 960530 | ||
| 980 | |a Trung tâm Học liệu Trường Đại học Cần Thơ | ||